[Event "4NCL Division 1 & 2"]
[Site "Daventry, ENG"]
[Date "2022.03.27"]
[Round "6.112"]
[White "Mulleady, Peter J"]
[Black "Villiers, Thomas"]
[Result "0-1"]
[WhiteElo "1994"]
[BlackElo "2297"]
[PlyCount "96"]
[EventDate "2022.03.27"]
[WhiteTeam "Manchester Manticores 1"]
[BlackTeam "Barnet Knights A"]

1. e4 c5 2. d4 cxd4 3. c3 Nf6 4. e5 Nd5 5. Qxd4 e6 6. Nf3 Qc7 7. a3 b6 8. Bd3
Nc6 9. Qe4 Bb7 10. O-O Nde7 11. Qe2 Ng6 12. Re1 d6 13. exd6 Bxd6 14. Be4 O-O
15. c4 f5 16. Bxc6 Qxc6 17. Qf1 e5 18. Nc3 Rac8 19. Bd2 Qxc4 20. Qxc4+ Rxc4 21.
Nb5 Bb8 22. Bb4 Rfc8 23. Nd6 Bxd6 24. Bxd6 Bxf3 25. gxf3 Nh4 26. Red1 Nxf3+ 27.
Kg2 Nh4+ 28. Kg1 Ng6 29. Re1 e4 30. Rad1 Rc2 31. Re2 Rd2 32. Kf1 Rxe2 33. Kxe2
Rc2+ 34. Rd2 Rxd2+ 35. Kxd2 Kf7 36. Kc3 Ne7 37. Kc4 Ke6 38. Bf4 a6 39. a4 h6
40. Be3 Nd5 41. Bd4 g5 42. b4 f4 43. b5 axb5+ 44. axb5 f3 45. h3 e3 46. Kd3 e2
47. Kd2 Nf4 48. Bxb6 Ng2 0-1

[Event "4NCL Division 1 & 2"]
[Site "Daventry, ENG"]
[Date "2022.03.27"]
[Round "6.113"]
[White "Brozel, Sacha"]
[Black "Hilton, Tim"]
[Result "1-0"]
[WhiteElo "2288"]
[BlackElo "2030"]
[PlyCount "49"]
[EventDate "2022.03.27"]
[WhiteTeam "Barnet Knights A"]
[BlackTeam "Manchester Manticores 1"]

1. c4 e5 2. g3 Nf6 3. Nc3 Nc6 4. Bg2 Bc5 5. Nf3 d6 6. O-O a6 7. h3 O-O 8. e3
Bd7 9. d4 Ba7 10. b3 Re8 11. Bb2 h6 12. Rc1 Rb8 13. Kh2 b5 14. dxe5 Nxe5 15.
Nd5 bxc4 16. Nxe5 dxe5 17. Nxf6+ gxf6 18. Rxc4 f5 19. Qh5 Bb5 20. Rh4 Qg5 21.
Rc1 Rbd8 22. Rxc7 Qxh5 23. Rxh5 Bb6 24. Rb7 Ba5 25. Rxf5 1-0

[Event "4NCL Division 1 & 2"]
[Site "Daventry, ENG"]
[Date "2022.03.27"]
[Round "6.114"]
[White "Lyth, John D"]
[Black "Smith, Andrew Philip"]
[Result "0-1"]
[WhiteElo "1929"]
[BlackElo "2223"]
[PlyCount "106"]
[EventDate "2022.03.27"]
[WhiteTeam "Manchester Manticores 1"]
[BlackTeam "Barnet Knights A"]

1. d4 Nf6 2. Nf3 c5 3. d5 g6 4. Nc3 Bg7 5. g3 O-O 6. Bg2 d6 7. O-O Bg4 8. Nd2
Qd7 9. a4 Bh3 10. Nc4 Na6 11. e4 Bxg2 12. Kxg2 Nb4 13. f3 e6 14. dxe6 Qxe6 15.
Ne3 Rad8 16. Ncd5 Nbxd5 17. Nxd5 Nxd5 18. exd5 Qf5 19. c3 Rfe8 20. g4 Qe5 21.
f4 Qe4+ 22. Qf3 Qc4 23. Be3 Re4 24. Rad1 Rde8 25. Bc1 Qxa4 26. h3 Re2+ 27. Kg3
Qc2 28. Rh1 b5 29. Rdf1 Qe4 30. Qxe4 R2xe4 31. Kf3 a5 32. Rh2 b4 33. cxb4 axb4
34. b3 Rd4 35. Rd2 Ree4 36. Rxd4 Rxd4 37. Be3 Rd3 38. Ke4 Rxb3 39. f5 Bc3 40.
fxg6 hxg6 41. Bf4 Bd4 42. h4 Ra3 43. h5 b3 44. hxg6 fxg6 45. Kd3 b2+ 46. Kc2
Ra1 47. Rb1 Rxb1 48. Kxb1 Be5 49. Bxe5 dxe5 50. Kxb2 Kf7 51. Kc3 Ke7 52. Kc4
Kd6 53. g5 e4 0-1

[Event "4NCL Division 1 & 2"]
[Site "Daventry, ENG"]
[Date "2022.03.27"]
[Round "6.115"]
[White "Stoica, Savas Marin"]
[Black "Pelling, Kyle"]
[Result "1-0"]
[WhiteElo "2139"]
[BlackElo "1916"]
[PlyCount "65"]
[EventDate "2022.03.27"]
[WhiteTeam "Barnet Knights A"]
[BlackTeam "Manchester Manticores 1"]

1. d4 Nf6 2. c4 e6 3. Nf3 d5 4. g3 Bb4+ 5. Bd2 Be7 6. Bg2 b6 7. O-O Bb7 8. b3
O-O 9. Bf4 c5 10. Nc3 Nc6 11. cxd5 Nxd5 12. Nxd5 exd5 13. Rc1 Re8 14. Be3 Ba6
15. Re1 c4 16. bxc4 Bxc4 17. Nd2 Na5 18. Bf4 Rc8 19. e4 dxe4 20. Nxc4 Nxc4 21.
Rxe4 Bf6 22. d5 Nd6 23. Rxc8 Nxc8 24. Rxe8+ Qxe8 25. d6 Qd7 26. h4 g6 27. Qd5
b5 28. Kh2 Nb6 29. Qc5 Bg7 30. Bc6 Qd8 31. Bxb5 Bf8 32. Qc7 Qa8 33. Bc6 1-0

[Event "4NCL Division 1 & 2"]
[Site "Daventry, ENG"]
[Date "2022.03.27"]
[Round "6.116"]
[White "Tyton, Adam"]
[Black "Pollack, Oscar"]
[Result "1/2-1/2"]
[WhiteElo "1891"]
[BlackElo "2144"]
[PlyCount "150"]
[EventDate "2022.03.27"]
[WhiteTeam "Manchester Manticores 1"]
[BlackTeam "Barnet Knights A"]

1. e4 e6 2. d4 d5 3. Nc3 Bb4 4. e5 c5 5. Bd2 Nh6 6. Nb5 Bxd2+ 7. Qxd2 O-O 8.
dxc5 Nd7 9. Qc3 f6 10. exf6 Nxf6 11. f3 e5 12. O-O-O d4 13. Bc4+ Kh8 14. Qe1
Nd7 15. h4 Nf5 16. Nd6 Ne3 17. Nh3 Nxc5 18. Qxe3 Qxd6 19. Ng5 Qc7 20. Qe2 Bf5
21. Kb1 b5 22. Bd3 Bxd3 23. cxd3 Qd6 24. Rhe1 Rae8 25. Ne4 Nxe4 26. Qxe4 Qb8
27. Rc1 Rf4 28. Qd5 e4 29. Rxe4 Rfxe4 30. fxe4 Rd8 31. Qc6 Qg3 32. Qc2 h6 33.
Rf1 Qg4 34. Rc1 Qxh4 35. Qc7 Rf8 36. Qxa7 Qf2 37. Qc5 Rf6 38. Qxb5 Qxg2 39. a4
Rg6 40. Rc8+ Kh7 41. Qf5 Qd2 42. Rc6 Qd1+ 43. Rc1 Qxd3+ 44. Ka2 Qa6 45. a5 d3
46. Kb1 d2 47. Rg1 Qd3+ 48. Ka2 Qd6 49. Rxg6 Qxg6 50. Qd5 Qg5 51. e5 Qf4 52.
Kb3 h5 53. a6 Qf1 54. Qxd2 Qxa6 55. Qd6 Qb5+ 56. Kc3 h4 57. e6 Qa5+ 58. b4 Qa1+
59. Kc4 Qc1+ 60. Kb5 Qf1+ 61. Kc6 Qa6+ 62. Kd7 Qb7+ 63. Ke8 Qb5+ 64. Kd8 Qb7
65. e7 Qa8+ 66. Kc7 Qa7+ 67. Kc6 Qa6+ 68. Kd5 Qa2+ 69. Kc5 Qa7+ 70. Kc4 Qa2+
71. Kb5 Qe2+ 72. Kb6 h3 73. Qd7 h2 74. e8=Q Qxe8 75. Qxe8 h1=Q 1/2-1/2

[Event "4NCL Division 1 & 2"]
[Site "Daventry, ENG"]
[Date "2022.03.27"]
[Round "6.117"]
[White "Ethelontis, Alexandros N"]
[Black "Kay, Lee P"]
[Result "0-1"]
[WhiteElo "2107"]
[BlackElo "1949"]
[PlyCount "122"]
[EventDate "2022.03.27"]
[WhiteTeam "Barnet Knights A"]
[BlackTeam "Manchester Manticores 1"]

1. Nf3 d6 2. c4 e5 3. Nc3 f5 4. g3 Nf6 5. d4 e4 6. Nh4 Be7 7. Ng2 O-O 8. h4 c6
9. Nf4 Na6 10. h5 Nc7 11. d5 Ng4 12. Qb3 c5 13. Bd2 Bf6 14. Nd1 Qe8 15. a4 b6
16. Bh3 Bd7 17. Bxg4 fxg4 18. Ne3 Rb8 19. Bc3 Bg5 20. Neg2 a6 21. Qc2 Qe7 22.
b3 Bf6 23. Bxf6 Qxf6 24. Ra2 Rbe8 25. Ne3 Re5 26. Qb2 Qh6 27. Rh4 Qg5 28. Ra1
Re7 29. Rh1 Ref7 30. Neg2 Qe5 31. Ra2 Rf6 32. Rh4 g5 33. hxg6 hxg6 34. Rh1 Qxb2
35. Rxb2 g5 36. Nh5 Rh6 37. b4 cxb4 38. Rxb4 Na8 39. Ne3 Be8 40. Nxg4 Rxh5 41.
Rf1 Bd7 42. Ne3 a5 43. Rb2 Bxa4 44. g4 Rh3 45. Nf5 Rf6 46. f3 exf3 47. exf3 Bd7
48. Nd4 Rf4 49. Rd2 Nc7 50. Kd1 b5 51. cxb5 Nxb5 52. Ne6 Bxe6 53. dxe6 Rhxf3
54. Re1 Rf1 55. Rxf1 Rxf1+ 56. Kc2 Re1 57. Rd5 Re5 58. Rd1 Rxe6 59. Ra1 Re5 60.
Kd3 Nc7 61. Rc1 Rc5 0-1

[Event "4NCL Division 1 & 2"]
[Site "Daventry, ENG"]
[Date "2022.03.27"]
[Round "6.118"]
[White "Whitehead, Mark A"]
[Black "Willmoth, Robert F"]
[Result "0-1"]
[WhiteElo "1930"]
[BlackElo "2101"]
[PlyCount "64"]
[EventDate "2022.03.27"]
[WhiteTeam "Manchester Manticores 1"]
[BlackTeam "Barnet Knights A"]

1. e4 c5 2. Nf3 Nc6 3. d3 g6 4. g3 Bg7 5. Bg2 d6 6. Nbd2 e5 7. c3 Nge7 8. O-O
O-O 9. Re1 h6 10. Nf1 Be6 11. h4 Qd7 12. N1h2 f5 13. Qe2 Rae8 14. b3 b5 15. Bb2
b4 16. cxb4 Nxb4 17. Bc3 a5 18. Rad1 f4 19. Bxb4 axb4 20. Rd2 Ra8 21. Rc1 Ra5
22. Kh1 Nc6 23. Rcc2 Na7 24. Ng1 Nb5 25. Qe1 g5 26. Ne2 g4 27. f3 h5 28. gxf4
exf4 29. Nf1 Qe7 30. Rd1 g3 31. Nfxg3 Qxh4+ 32. Kg1 fxg3 0-1

[Event "4NCL Division 1 & 2"]
[Site "Daventry, ENG"]
[Date "2022.03.27"]
[Round "6.121"]
[White "Stoyanov, Viktor"]
[Black "Martin, Lewis"]
[Result "1/2-1/2"]
[WhiteElo "2327"]
[BlackElo "2261"]
[PlyCount "72"]
[EventDate "2022.03.27"]
[WhiteTeam "Guildford Castles"]
[BlackTeam "Check Inn"]

1. e4 c5 2. Nc3 Nc6 3. Nge2 Nd4 4. Nxd4 cxd4 5. Nb5 e5 6. c3 a6 7. Qa4 Rb8 8.
Na3 b5 9. Qc2 Bc5 10. b4 Bb6 11. Bb2 dxc3 12. dxc3 Qe7 13. Bd3 Nf6 14. O-O O-O
15. c4 Qxb4 16. cxb5 d5 17. exd5 e4 18. Be2 Nxd5 19. Nc4 axb5 20. Ba3 Qc3 21.
Qxe4 Qd4 22. Qxd4 Bxd4 23. Bxf8 Kxf8 24. Ne3 Bxa1 25. Nxd5 Be5 26. Rc1 Be6 27.
Nb4 Bd6 28. Nc6 Rb6 29. Nd4 Bd7 30. h3 b4 31. Bg4 Bxg4 32. hxg4 Be5 33. Rc4 g6
34. g3 Bxd4 35. Rxd4 b3 36. axb3 Rxb3 1/2-1/2

[Event "4NCL Division 1 & 2"]
[Site "Daventry, ENG"]
[Date "2022.03.27"]
[Round "6.122"]
[White "Ogunshola, Ben"]
[Black "Povah, Nigel E"]
[Result "1-0"]
[WhiteElo "2219"]
[BlackElo "2236"]
[PlyCount "107"]
[EventDate "2022.03.27"]
[WhiteTeam "Check Inn"]
[BlackTeam "Guildford Castles"]

1. c4 e5 2. g3 Nf6 3. Bg2 c6 4. d4 e4 5. Nc3 d5 6. Bg5 Nbd7 7. cxd5 cxd5 8. Qb3
h6 9. Bf4 Qa5 10. Nh3 b6 11. Bd2 Qb4 12. Qxb4 Bxb4 13. Nxe4 Bxd2+ 14. Nxd2 Bb7
15. Rc1 Ke7 16. Nf4 Rac8 17. O-O g5 18. Nd3 Kd6 19. Rxc8 Rxc8 20. Rc1 Re8 21.
e3 a5 22. Bf1 Ne4 23. Nb1 f5 24. f3 Nef6 25. Kf2 g4 26. f4 Ne4+ 27. Ke1 h5 28.
Ne5 Re7 29. Nc3 Nxc3 30. Rxc3 Nf6 31. Bd3 Ne4 32. Bxe4 fxe4 33. Kf2 Rc7 34.
Rxc7 Kxc7 35. Kg2 Bc8 36. Kf2 Kd6 37. Ke1 b5 38. a3 Bf5 39. Kd2 Bc8 40. Kc3 Bf5
41. Kb3 Bc8 42. Ng6 Ke6 43. Kc3 Bd7 44. Nh4 Kf6 45. Ng2 Kf5 46. Ne1 Ke6 47. f5+
Kxf5 48. Nc2 Ke6 49. Na1 Kd6 50. Nb3 a4 51. Nc5 Bf5 52. Kb4 Kc6 53. Ka5 Bc8 54.
Na6 1-0

[Event "4NCL Division 1 & 2"]
[Site "Daventry, ENG"]
[Date "2022.03.27"]
[Round "6.123"]
[White "Price, Gwilym"]
[Black "Hall, Daniel J"]
[Result "1-0"]
[WhiteElo "2177"]
[BlackElo "2105"]
[PlyCount "85"]
[EventDate "2022.03.27"]
[WhiteTeam "Guildford Castles"]
[BlackTeam "Check Inn"]

1. e4 c5 2. Nf3 d6 3. d4 cxd4 4. Nxd4 Nf6 5. Nc3 a6 6. Nb3 e6 7. g4 h6 8. Be3
Nc6 9. Qe2 b5 10. O-O-O Be7 11. Rg1 Nd7 12. h4 g5 13. hxg5 hxg5 14. Bg2 Nde5
15. Rh1 Rg8 16. Nd4 Bb7 17. Rh6 Qa5 18. Kb1 O-O-O 19. Nb3 Qc7 20. a4 b4 21. Na2
Kb8 22. Nd4 Rc8 23. Nxc6+ Qxc6 24. Nxb4 Qxa4 25. Rd4 Qb5 26. Bf1 Nxg4 27. Qe1
Qc5 28. Nxa6+ Bxa6 29. Rb4+ Bb7 30. Bxc5 dxc5 31. Rxb7+ Kxb7 32. Rh7 Ne5 33.
Qc3 Bd6 34. Qb3+ Kc6 35. Bb5+ Kc7 36. Qxe6 Rh8 37. Qf5 Rhg8 38. Bc4 Rcf8 39.
Bxf7 Rh8 40. Bd5+ Rxh7 41. Qxh7+ Kd8 42. Qh6 Be7 43. Qb6+ 1-0

[Event "4NCL Division 1 & 2"]
[Site "Daventry, ENG"]
[Date "2022.03.27"]
[Round "6.124"]
[White "Hackett, Dave G"]
[Black "Granat, Russell G"]
[Result "0-1"]
[WhiteElo "2107"]
[BlackElo "2161"]
[PlyCount "90"]
[EventDate "2022.03.27"]
[WhiteTeam "Check Inn"]
[BlackTeam "Guildford Castles"]

1. e4 e5 2. d4 exd4 3. Qxd4 Nc6 4. Qd3 Bb4+ 5. Nc3 Nf6 6. Bd2 O-O 7. O-O-O Re8
8. Qe3 Re7 9. Be2 Re8 10. Bc4 Ne5 11. Bb3 d6 12. f3 Bd7 13. Nh3 b5 14. Nd5
Bxd2+ 15. Rxd2 a5 16. a3 Be6 17. Nhf4 Nxd5 18. Nxd5 a4 19. Ba2 c6 20. Nc3 Bxa2
21. Nxa2 Nc4 22. Qd4 Qg5 23. h4 Qxd2+ 24. Qxd2 Nxd2 25. Kxd2 Kf8 26. Nc3 Ke7
27. Kd3 Reb8 28. Ne2 g6 29. h5 b4 30. hxg6 hxg6 31. Nd4 Ra6 32. f4 bxa3 33.
bxa3 Rb2 34. Kd2 Rab6 35. Rh3 Rb1 36. Rf3 Kd7 37. g3 Ra1 38. f5 c5 39. Ne2 gxf5
40. exf5 Rbb1 41. Nf4 Kc6 42. Nd3 Kb5 43. Nf4 Rd1+ 44. Ke2 d5 45. Nd3 c4 0-1

[Event "4NCL Division 1 & 2"]
[Site "Daventry, ENG"]
[Date "2022.03.27"]
[Round "6.125"]
[White "Punnett, Alan K"]
[Black "Parker, Francis"]
[Result "1/2-1/2"]
[WhiteElo "2032"]
[BlackElo "2077"]
[PlyCount "90"]
[EventDate "2022.03.27"]
[WhiteTeam "Guildford Castles"]
[BlackTeam "Check Inn"]

1. e4 e5 2. Nf3 Nc6 3. d4 exd4 4. Nxd4 Nf6 5. Nxc6 bxc6 6. Nc3 Bb4 7. Bd3 d5 8.
exd5 cxd5 9. O-O O-O 10. Bg5 c6 11. Qf3 Be7 12. h3 h6 13. Bh4 Rb8 14. Rab1 Rb4
15. Bg3 Nh7 16. a3 Ng5 17. Qh5 Rb7 18. Be5 Bf6 19. Bxf6 Qxf6 20. f4 Ne4 21.
Bxe4 dxe4 22. Qc5 Re8 23. b4 e3 24. Rbe1 Rbe7 25. Rf3 e2 26. Qc4 Qh4 27. g3 Qh5
28. Rf2 Bxh3 29. Rfxe2 Rxe2 30. Rxe2 Rxe2 31. Qxe2 Qg6 32. Kf2 Bg4 33. Qe4 Bf5
34. Qd4 a6 35. Qc4 Be6 36. Qe4 Bf5 37. Qc4 Bxc2 38. Qxa6 Qd6 39. Qe2 Bd3 40.
Qe3 Bf5 41. Ne2 h5 42. Qe8+ Kh7 43. Qxf7 Bg4 44. Qc4 Qd1 45. Qe4+ Kh8 1/2-1/2

[Event "4NCL Division 1 & 2"]
[Site "Daventry, ENG"]
[Date "2022.03.27"]
[Round "6.126"]
[White "Rabbitt, Michael"]
[Black "Shepley, Julien M"]
[Result "0-1"]
[WhiteElo "2001"]
[BlackElo "1977"]
[PlyCount "54"]
[EventDate "2022.03.27"]
[WhiteTeam "Check Inn"]
[BlackTeam "Guildford Castles"]

1. e4 d5 2. exd5 Qxd5 3. Nc3 Qa5 4. d4 Nf6 5. Nf3 Bf5 6. Ne5 c6 7. Nc4 Qc7 8.
Bg5 Nbd7 9. Qd2 Nd5 10. Nxd5 cxd5 11. Bf4 Qc6 12. Ne3 Bg6 13. Be2 e6 14. O-O
Bd6 15. Bxd6 Qxd6 16. a4 O-O 17. a5 Rac8 18. a6 b6 19. Rfc1 Rfd8 20. Nd1 Nf6
21. f3 e5 22. dxe5 Qxe5 23. Nc3 d4 24. Nb5 d3 25. Nxa7 dxe2 26. Nxc8 Rxd2 27.
a7 Qd4+ 0-1

[Event "4NCL Division 1 & 2"]
[Site "Daventry, ENG"]
[Date "2022.03.27"]
[Round "6.127"]
[White "Stimpson, Philip M"]
[Black "Fernando, Manel"]
[Result "1-0"]
[WhiteElo "1951"]
[BlackElo "1594"]
[PlyCount "83"]
[EventDate "2022.03.27"]
[WhiteTeam "Guildford Castles"]
[BlackTeam "Check Inn"]

1. e4 e5 2. Nf3 Nc6 3. d4 exd4 4. Nxd4 d6 5. Nxc6 bxc6 6. Bc4 Be7 7. Nc3 Nf6 8.
O-O O-O 9. h3 Be6 10. Qe2 Nd7 11. Be3 Ne5 12. Bxe6 fxe6 13. f4 Nf7 14. f5 exf5
15. Rxf5 Ne5 16. Raf1 a5 17. Bd4 Rxf5 18. Rxf5 Bf6 19. Kh1 Kh8 20. Nd1 c5 21.
Bc3 h6 22. Ne3 c6 23. Nc4 Nxc4 24. Bxf6 gxf6 25. Qxc4 Qe7 26. Qc3 Rf8 27. Qe3
Kh7 28. Rh5 Qg7 29. c4 Qg6 30. g4 Re8 31. Rf5 Re5 32. Qf4 Re6 33. b3 Kg7 34.
Kg2 Qe8 35. Kf3 Re5 36. Rxf6 Rg5 37. Rxd6 Rg6 38. Rxg6+ Qxg6 39. Qe5+ Qf6+ 40.
Qxf6+ Kxf6 41. Kf4 Ke6 42. h4 1-0

[Event "4NCL Division 1 & 2"]
[Site "Daventry, ENG"]
[Date "2022.03.27"]
[Round "6.131"]
[White "Pein, Jonathan"]
[Black "Larsen, Pelle O."]
[Result "1-0"]
[WhiteElo "2229"]
[BlackElo "2144"]
[PlyCount "57"]
[EventDate "2022.03.27"]
[WhiteTeam "Celtic Tigers 1"]
[BlackTeam "Warwickshire Select 1"]

1. e4 e6 2. d4 d5 3. Nc3 Nc6 4. e5 f6 5. Bb5 Bd7 6. Nf3 Qe7 7. O-O O-O-O 8. Re1
Qf7 9. Rb1 Nge7 10. b4 Ng6 11. Bxc6 Bxc6 12. b5 Bd7 13. a4 fxe5 14. dxe5 Bc5
15. Be3 Bxe3 16. Rxe3 Rhf8 17. a5 Kb8 18. Qd4 Qf4 19. Qc5 Qf7 20. b6 cxb6 21.
axb6 a6 22. Ra1 Bc8 23. Nb5 Qe7 24. Qc7+ Ka8 25. Qc3 Qd7 26. Nfd4 Qf7 27. Rf3
Qe7 28. Nc7+ Kb8 29. Nxa6+ 1-0

[Event "4NCL Division 1 & 2"]
[Site "Daventry, ENG"]
[Date "2022.03.27"]
[Round "6.133"]
[White "Stevenson, James"]
[Black "Mason, Donald J"]
[Result "1/2-1/2"]
[WhiteElo "2096"]
[BlackElo "2137"]
[PlyCount "20"]
[EventDate "2022.03.27"]
[WhiteTeam "Celtic Tigers 1"]
[BlackTeam "Warwickshire Select 1"]

1. e4 e5 2. Nf3 Nc6 3. Nc3 Nf6 4. d4 exd4 5. Nd5 Nb4 6. Nxf6+ Qxf6 7. Bc4 d5 8.
Bxd5 Nxd5 9. exd5 Bb4+ 10. Bd2 Qe7+ 1/2-1/2

[Event "4NCL Division 1 & 2"]
[Site "Daventry, ENG"]
[Date "2022.03.27"]
[Round "6.134"]
[White "Macleod, Andrew"]
[Black "Shearsby, Jude"]
[Result "1/2-1/2"]
[WhiteElo "1626"]
[BlackElo "2041"]
[PlyCount "75"]
[EventDate "2022.03.27"]
[WhiteTeam "Celtic Tigers 1"]
[BlackTeam "Warwickshire Select 1"]

1. d4 Nf6 2. c4 g6 3. Nc3 Bg7 4. Nf3 d6 5. e4 O-O 6. g3 e5 7. d5 a5 8. Bg2 Na6
9. O-O Nc5 10. Ne1 Re8 11. Nd3 Nfd7 12. Be3 b6 13. a3 Nxd3 14. Qxd3 Nc5 15. Qc2
f5 16. b4 Nxe4 17. Nxe4 fxe4 18. Bxe4 Bh3 19. Rfe1 Bf6 20. Rab1 axb4 21. axb4
Kg7 22. Ra1 Rxa1 23. Rxa1 Bg5 24. Qd2 Bxe3 25. Qxe3 Re7 26. Qg5 Re8 27. Qxd8
Rxd8 28. Ra7 Rd7 29. f3 Bf5 30. g4 Bxe4 31. fxe4 Rf7 32. Kg2 Kf6 33. Kg3 g5 34.
Kf3 Ke7+ 35. Ke3 Kd7 36. Ra8 h5 37. Rg8 hxg4 38. Rxg5 1/2-1/2

[Event "4NCL Division 1 & 2"]
[Site "Daventry, ENG"]
[Date "2022.03.27"]
[Round "6.135"]
[White "Pitcher, John"]
[Black "Kanellopoulos, Panayotis"]
[Result "1-0"]
[WhiteElo "2282"]
[BlackElo "2266"]
[PlyCount "75"]
[EventDate "2022.03.27"]
[WhiteTeam "Warwickshire Select 1"]
[BlackTeam "Anglian Avengers"]

1. e4 c5 2. Nf3 d6 3. Bb5+ Nd7 4. Ba4 Ngf6 5. O-O Nxe4 6. Re1 Nef6 7. d4 cxd4
8. Nxd4 Qa5 9. c4 a6 10. Nc3 e6 11. Bf4 Be7 12. b4 Qxb4 13. Nf5 Kf8 14. Rb1
Qxc3 15. Bxd6 exf5 16. Rxe7 Kg8 17. Be5 Qa5 18. Bxd7 Bxd7 19. Bxf6 Be6 20. Rxe6
fxe6 21. Qd7 gxf6 22. Qxe6+ Kg7 23. Rxb7+ Kg6 24. Qf7+ Kh6 25. Qxf6+ Kh5 26. h4
Rag8 27. Re7 Rg6 28. Qxh8 h6 29. Qe8 Qc3 30. Re6 Qc1+ 31. Re1 Qxc4 32. g3 Qc6
33. Qe2+ Rg4 34. Qe5 Qg6 35. Kh2 Ra4 36. Qe2+ Qg4 37. Qe8+ Qg6 38. Qxa4 1-0

[Event "4NCL Division 1 & 2"]
[Site "Daventry, ENG"]
[Date "2022.03.27"]
[Round "6.136"]
[White "Maycock Bates, David Henry"]
[Black "Brooks, Phil J"]
[Result "1-0"]
[WhiteElo "2182"]
[BlackElo "2163"]
[PlyCount "75"]
[EventDate "2022.03.27"]
[WhiteTeam "Anglian Avengers"]
[BlackTeam "Warwickshire Select 1"]

1. e4 e6 2. d4 d5 3. e5 c5 4. c3 Qb6 5. Nf3 Nc6 6. Be2 cxd4 7. cxd4 Nge7 8. Na3
Nf5 9. Nc2 Bd7 10. O-O Rc8 11. Bd3 Be7 12. b4 Qd8 13. a3 h5 14. g3 g5 15. Bxf5
exf5 16. Ne3 Be6 17. Qd3 Qd7 18. Ng2 Rg8 19. h4 gxh4 20. Nfxh4 Rg4 21. Bf4 Bxh4
22. gxh4 Qd8 23. Rac1 Qxh4 24. Qe3 Qd8 25. f3 Rg8 26. Kf2 Qb6 27. Rc5 Ne7 28.
Rh1 Rh8 29. Bg5 Ng6 30. Bf6 Rh7 31. Rxc8+ Bxc8 32. Nf4 Nxf4 33. Qxf4 Be6 34.
Rc1 a5 35. Rc5 axb4 36. Qg5 bxa3 37. Qg8+ Kd7 38. Qc8# 1-0

[Event "4NCL Division 1 & 2"]
[Site "Daventry, ENG"]
[Date "2022.03.27"]
[Round "6.137"]
[White "Paterson, Andrew I"]
[Black "Talsma, Paul"]
[Result "0-1"]
[WhiteElo "2158"]
[BlackElo "2159"]
[PlyCount "72"]
[EventDate "2022.03.27"]
[WhiteTeam "Warwickshire Select 1"]
[BlackTeam "Anglian Avengers"]

1. e4 e5 2. Nf3 Nc6 3. Bb5 a6 4. Ba4 Nf6 5. d3 d6 6. O-O g6 7. Nc3 Bg7 8. Bg5
h6 9. Be3 O-O 10. Qd2 Kh7 11. h3 b5 12. Bb3 Na5 13. Nh2 Nxb3 14. axb3 d5 15.
Bc5 Re8 16. exd5 Nxd5 17. Nxb5 Bxh3 18. Nc3 Nf4 19. g3 Ne6 20. Be3 Bxf1 21.
Kxf1 f5 22. Ra4 Nd4 23. Rc4 Re7 24. Na4 Qd5 25. Kg1 Rae8 26. Nc5 f4 27. Bxd4
exd4 28. Ne4 fxg3 29. fxg3 Rf7 30. Qg2 Qa5 31. Nf3 Ref8 32. Nfd2 Qa1+ 33. Kh2
Qe1 34. Kh3 Rf2 35. Nxf2 Rxf2 36. Qe4 Qxd2 0-1

[Event "4NCL Division 1 & 2"]
[Site "Daventry, ENG"]
[Date "2022.03.27"]
[Round "6.138"]
[White "Page, Mark E"]
[Black "Myall, Ivan J"]
[Result "1/2-1/2"]
[WhiteElo "2119"]
[BlackElo "2020"]
[PlyCount "106"]
[EventDate "2022.03.27"]
[WhiteTeam "Warwickshire Select 1"]
[BlackTeam "Anglian Avengers"]

1. e4 e5 2. Nf3 Nc6 3. Bb5 Bc5 4. c3 Nf6 5. d4 exd4 6. e5 Nd5 7. O-O O-O 8.
cxd4 Be7 9. h3 d6 10. Nc3 Nxc3 11. bxc3 d5 12. Re1 Bf5 13. Bd3 Qd7 14. Qc2 Bxd3
15. Qxd3 Qe6 16. Rb1 Rab8 17. Bg5 h6 18. Bxe7 Nxe7 19. Nd2 Rfc8 20. f4 g6 21.
Rf1 h5 22. Qf3 h4 23. Rfc1 c6 24. Nb3 b6 25. Qf2 Nf5 26. a4 Ng3 27. a5 Qf5 28.
axb6 axb6 29. Rd1 c5 30. Rbc1 Qh5 31. Re1 c4 32. Nd2 Re8 33. Rb1 b5 34. Qf3
Qxf3 35. Nxf3 Ne4 36. Rec1 Re7 37. Nxh4 Ra7 38. Rc2 Ra3 39. Rbc1 b4 40. cxb4
Rxb4 41. f5 g5 42. Nf3 c3 43. Kf1 Rb2 44. Ke2 Ng3+ 45. Kd3 Nxf5 46. Nxg5 Ng3
47. Rxc3 Rxc3+ 48. Rxc3 Rxg2 49. Rc8+ Kg7 50. Rc7 Kg6 51. Nxf7 Nf5 52. Nd8 Rg3+
53. Kd2 Nxd4 1/2-1/2

[Event "4NCL Division 1 & 2"]
[Site "Daventry, ENG"]
[Date "2022.03.27"]
[Round "6.139"]
[White "Walker, Martin G"]
[Black "Pein, Malcolm"]
[Result "0-1"]
[WhiteElo "2269"]
[BlackElo "2308"]
[PlyCount "100"]
[EventDate "2022.03.27"]
[WhiteTeam "Anglian Avengers"]
[BlackTeam "Celtic Tigers 1"]

1. e4 d6 2. d4 Nf6 3. Nc3 g6 4. f4 Bg7 5. Nf3 O-O 6. Bd3 Nc6 7. Be3 Ng4 8. Bg1
e5 9. d5 Ne7 10. h3 Nf6 11. fxe5 dxe5 12. Qd2 c6 13. dxc6 Nxc6 14. Bc5 Re8 15.
O-O b6 16. Bb5 Bb7 17. Qxd8 Raxd8 18. Be3 a6 19. Bd3 b5 20. Rad1 Nb4 21. Bb6
Rc8 22. a3 Nxd3 23. cxd3 Nd7 24. Be3 Nc5 25. Rfe1 Red8 26. Bxc5 Rxc5 27. Re2 a5
28. Ne1 b4 29. axb4 axb4 30. Na4 Rc7 31. b3 Bf8 32. Kf1 Ba6 33. Ra2 Bb5 34. Kf2
Ra8 35. Nc3 Rxa2+ 36. Nxa2 Ra7 37. Rd2 Ra3 38. Nc1 Bh6 39. Ke2 Ra1 40. Kd1 Bxd2
41. Kxd2 f6 42. Kc2 Ra8 43. Kd2 Bd7 44. Nc2 Rb8 45. d4 exd4 46. Nxd4 Re8 47.
Kd3 Bc8 48. Nf3 Ba6+ 49. Ke3 Bb7 50. Nd2 Bxe4 0-1

[Event "4NCL Division 1 & 2"]
[Site "Daventry, ENG"]
[Date "2022.03.27"]
[Round "6.140"]
[White "Montilli, Vincenzo"]
[Black "Lewis, Andrew P"]
[Result "1/2-1/2"]
[WhiteElo "2253"]
[BlackElo "2237"]
[PlyCount "81"]
[EventDate "2022.03.27"]
[WhiteTeam "Celtic Tigers 1"]
[BlackTeam "Anglian Avengers"]

1. Nf3 c5 2. c4 g6 3. g3 Bg7 4. Bg2 Nc6 5. Nc3 e6 6. d4 cxd4 7. Nb5 d5 8. cxd5
exd5 9. Nfxd4 Nge7 10. O-O O-O 11. Be3 Bg4 12. h3 Bd7 13. Qd2 a6 14. Nc3 Be6
15. Rfd1 Re8 16. Rac1 Qd6 17. b3 Rad8 18. Nxc6 bxc6 19. Ne4 Qd7 20. Nc5 Qc8 21.
Kh2 Nf5 22. Bf4 h5 23. e3 Nd6 24. Qa5 Ne4 25. Bxe4 dxe4 26. Rxd8 Rxd8 27. Nxe6
fxe6 28. Rxc6 Qxc6 29. Qxd8+ Kh7 30. Qd2 Qb5 31. Kg2 g5 32. Bd6 Qf5 33. Qe2 g4
34. hxg4 hxg4 35. Bb4 Qf3+ 36. Qxf3 exf3+ 37. Kf1 Kg6 38. e4 Bd4 39. Bd6 Kf7
40. b4 Ke8 41. Ke1 1/2-1/2

[Event "4NCL Division 1 & 2"]
[Site "Daventry, ENG"]
[Date "2022.03.27"]
[Round "6.141"]
[White "Peck, Silas"]
[Black "Kemp, Peter D"]
[Result "1/2-1/2"]
[WhiteElo "2084"]
[BlackElo "2118"]
[PlyCount "46"]
[EventDate "2022.03.27"]
[WhiteTeam "Anglian Avengers"]
[BlackTeam "Celtic Tigers 1"]

1. e4 e5 2. Nf3 Nc6 3. Bc4 Bc5 4. c3 Nf6 5. d3 d6 6. Bb3 h6 7. Nbd2 Be6 8. O-O
O-O 9. Nc4 Bb6 10. Re1 Re8 11. h3 Na5 12. Nxb6 Bxb3 13. axb3 axb6 14. b4 Nc6
15. Rxa8 Qxa8 16. Qb3 b5 17. Nd2 Qa1 18. Nf1 Ra8 19. Ne3 Qa4 20. Qxa4 Rxa4 21.
Kf1 Kf8 22. Ke2 Ne7 23. Kd1 Ra8 1/2-1/2

[Event "4NCL Division 1 & 2"]
[Site "Daventry, ENG"]
[Date "2022.03.27"]
[Round "6.142"]
[White "Dannatt, Arthur"]
[Black "Skulte, Christopher"]
[Result "0-1"]
[WhiteElo "1378"]
[BlackElo "2151"]
[PlyCount "60"]
[EventDate "2022.03.27"]
[WhiteTeam "Anglian Avengers"]
[BlackTeam "Celtic Tigers 1"]

1. Nf3 d5 2. c4 e6 3. g3 Nf6 4. Bg2 b6 5. O-O Bb7 6. b3 Bd6 7. Bb2 O-O 8. d3
Nbd7 9. Nbd2 Re8 10. Re1 e5 11. cxd5 Nxd5 12. a3 c5 13. Nc4 Bc7 14. Qd2 b5 15.
Ne3 Ba5 16. b4 Nxe3 17. fxe3 cxb4 18. axb4 Bb6 19. Rf1 Rc8 20. Rac1 Rxc1 21.
Rxc1 Nf6 22. Rc2 Ng4 23. d4 e4 24. Ne1 Qf6 25. Rc3 Qf2+ 26. Kh1 Bxd4 27. h3
Bxe3 28. Rxe3 Nxe3 29. Bd4 Nc4 30. Qg5 Qxd4 0-1